000 00753nam a22002537a 4500
008 130508b xxu||||| |||| 00| 0 eng d
020 _a81.203-0532-9
024 _cAvailable
037 _cAvailable
040 _aMBSTU LIBRARY
_dMBSTU LIBRARY
082 _222
_a621.3 OPD
100 _aOppenheim, Alan V.
110 _aRonald W. Schafer
245 _aDigital signal processing.
260 _aNew Delhi
_bPrentice -Hall of India Private Ltd.
_c2006
300 _a22 cm.
_bxiv, 585 page
_f5
_g22 cm.
600 _aElectrical engeneering.
650 _2Electrical engeneering.
700 _aOppenheim, Alan V.
270 _aNew Delhi
_bNew Delhi
_dIndia
365 _b383.00
_d383.00
942 _2ddc
_cBK
999 _c331
_d331